000 00723nam a2200265 i 4500
001 C2-0309204
003 PPAK
005 20180728100212.0
008 110525s1990 my |||| ||||| | may d
020 _a9836213120
040 _aPPAK
_beng
_cPPAK
_erda
082 0 4 _a658.4092
_223
090 0 0 _a658.4092
_bAMI
_dKMI
100 0 _aAminuddin Mohd Yusof,
_eauthor
245 1 0 _aKepimpinan
264 1 _aKuala Lumpur :
_bDewan Bahasa dan Pustaka ,
_c1990
300 _axi, 276 pages ;
_c21 cm
336 _2rdacontent
_atext
337 _2rdamedia
_aunmediated
338 _2rdacarrier
_avolume
490 1 _aSiri analisis psikologi
650 1 0 _aLeardership
830 0 _aSiri analisis psikologi
942 _ddc
_cB
999 _c111754
_d111754